[Event "Challenge"]
[Site "http://www.queenalice.com/game.php?id=987589"]
[Date "2011.9.20"]
[Round "-"]
[White "sobralll"]
[Black "johndavidtelker"]
[Result "0-1"]
[WhiteElo "1365"]
[BlackElo "1608"]

1. e4 c5 2. Nf3 Nc6 3. Ng5 e6 4. f4 Nf6 5. e5 Nd5 6. g3 a6 7. c3 Be7 8. Qh5 Bxg5
9. fxg5 Qc7 10. Qe2 Qxe5 11. g6 hxg6 12. c4 Nf6 13. d4 cxd4 14. Bf4 Qxe2+ 15.
Bxe2 e5 16. Bd2 d6 17. O-O Bf5 18. Bg5 O-O 19. h4 Rac8 20. h5 Be6 21. h6 Ne4 22.
a4 Nxg5 23. Na3 gxh6 24. Rad1 Na5 25. b4 Nxc4 26. Bxc4 Bxc4 27. Nxc4 Rxc4 28.
Rf6 Rd8 29. Rdf1 Rxb4 30. a5 Ra4 31. R1f2 Rxa5 32. Rxf7 Nxf7 33. Rf6 Kg7 34. Rf3
Rc8 35. Kh2 Rc2+ 36. Kh3 Ng5+ 37. Kh4 Nxf3+ 38. Kg4 Ne1 39. Kh3 h5 40. g4 Ra3+
41. Kh4 Rh2+ 42. Kg5 Nf3# 0-1

[Event "Challenge"]
[Site "http://www.queenalice.com/game.php?id=988261"]
[Date "2011.9.21"]
[Round "-"]
[White "sobralll"]
[Black "adelio"]
[Result "0-1"]
[WhiteElo "1356"]
[BlackElo "1731"]

1. e4 a6 2. f4 c5 3. f5 e5 4. Qh5 Nf6 5. Bc4 Nxh5 6. Nh3 b5 7. Bd5 Ra7 8. Nc3 d6
9. O-O Qf6 10. Rf3 g6 11. a4 b4 12. Ne2 Be7 13. c4 bxc3 14. dxc3 Qh4 15. f6 Nxf6
16. Ng5 Qe1+ 17. Rf1 Qxe2 18. Bxf7+ Kf8 19. h4 h6 20. b4 hxg5 21. bxc5 Kxf7 22.
Bxg5 dxc5 23. Rae1 Qc4 24. Rb1 Nc6 25. Rb6 Bd7 26. Rd1 Nxe4 27. Kh2 Nxg5 28. Re1
Rxh4+ 29. Kg1 Qxc3 30. Rd1 Qe3+ 31. Kf1 Rh1# 0-1

[Event "Challenge"]
[Site "http://www.queenalice.com/game.php?id=1023364"]
[Date "2012.1.31"]
[Round "-"]
[White "sobralll"]
[Black "WhiteD4"]
[Result "0-1"]
[WhiteElo "1350"]
[BlackElo "1500"]

1. d4 d5 2. Nc3 e6 3. h4 Nf6 4. Bf4 Bb4 5. a3 Bxc3+ 6. bxc3 c5 7. dxc5 Ne4 8.
Rb1 Nxc3 9. Bg5 f6 10. Bd2 Nxd1 11. Kxd1 Qe7 12. Bf4 Qxc5 13. Nf3 e5 14. Be3
Qxa3 0-1

[Event "Challenge"]
[Site "http://www.queenalice.com/game.php?id=1023378"]
[Date "2012.1.31"]
[Round "-"]
[White "sobralll"]
[Black "APSHOOTER"]
[Result "0-1"]
[WhiteElo "1354"]
[BlackElo "1649"]

1. Nc3 d5 2. d4 a6 3. e4 e6 4. e5 Bb4 5. h4 Ne7 6. Nh3 h6 7. g4 Nbc6 8. a3 Bxc3+
9. bxc3 Ng6 10. h5 Nge7 11. Nf4 Bd7 12. Rb1 Na5 13. a4 b6 14. Ba3 Bxa4 15. Rb4
Qd7 16. f3 Bb5 17. Rh4 Bxf1 18. Kxf1 Nc4 19. Qd3 Nxa3 20. Ra4 Qxa4 21. Ne2 Qb5
22. c4 Qxc4 23. Qxa3 Qxc2 24. Ng3 Qd1+ 25. Kg2 Qxd4 26. Ne4 dxe4 27. Rh1 exf3+
28. Kh3 f2 29. Rf1 c5 30. Rxf2 Qxf2 31. Qb3 O-O 32. Qxb6 Rfd8 33. Qb7 Rd3+ 34.
Qf3 Rxf3# 0-1

[Event "Challenge"]
[Site "http://www.queenalice.com/game.php?id=1025988"]
[Date "2012.2.4"]
[Round "-"]
[White "vizelinha"]
[Black "sobralll"]
[Result "1-0"]
[WhiteElo "1500"]
[BlackElo "1340"]

1. e4 e5 2. Nf3 d6 3. h3 Nf6 4. Nc3 b5 5. Bxb5+ c6 6. Ba4 Qa5 7. a3 g6 8. b4 Qd8
9. Bb3 Bh6 10. g4 Ba6 11. g5 Bf8 12. gxf6 Qxf6 13. d3 d5 14. exd5 h5 15. Ba4 Nd7
16. Bxc6 Be7 17. Bxa8 O-O 18. Bc6 Nb6 19. Bg5 Qd6 20. Bxe7 Qxe7 21. Qe2 e4 22.
dxe4 f5 23. e5 Bxe2 24. Kxe2 Re8 25. Bxe8 Qxe8 26. Rhe1 Nc4 27. e6 Nxa3 28. Rxa3
1-0

[Event "Challenge"]
[Site "http://www.queenalice.com/game.php?id=1026235"]
[Date "2012.2.4"]
[Round "-"]
[White "PRZ"]
[Black "sobralll"]
[Result "1-0"]
[WhiteElo "1447"]
[BlackElo "1340"]

1. f4 c5 2. Nf3 f5 3. c4 b6 4. b3 g6 5. d4 cxd4 6. Nxd4 e6 7. Nf3 Nf6 8. Bb2
Bb4+ 9. Nc3 Nc6 10. a3 Bd6 11. Qxd6 Qe7 12. Qxe7+ Kxe7 13. a4 a5 14. e3 Nb4 15.
Rc1 Bb7 16. Ba3 1-0

[Event "Challenge"]
[Site "http://www.queenalice.com/game.php?id=1026236"]
[Date "2012.2.4"]
[Round "-"]
[White "sobralll"]
[Black "PRZ"]
[Result "0-1"]
[WhiteElo "1328"]
[BlackElo "1459"]

1. e4 c5 2. Bc4 e6 3. Nf3 g6 4. O-O d5 5. exd5 exd5 6. Bxd5 Qxd5 7. Re1+ Be6 8.
Nc3 Qd8 9. Ng5 Qxg5 10. d3 Qf6 11. Nb5 Bd6 12. Nxd6+ Ke7 13. Bh6 Nxh6 14. Nc8+
Kd7 15. Qe2 Rxc8 0-1

[Event "Challenge"]
[Site "http://www.queenalice.com/game.php?id=1026305"]
[Date "2012.2.5"]
[Round "-"]
[White "sobralll"]
[Black "R0ni"]
[Result "0-1"]
[WhiteElo "1356"]
[BlackElo "2518"]

1. e4 d5 2. b3 dxe4 3. Qg4 Bxg4 4. Nc3 Nf6 5. f3 exf3 6. gxf3 Bxf3 7. Nxf3 Nc6
8. Ba3 Nd5 9. Bb5 Nxc3 10. dxc3 Qd5 11. O-O Qxb5 12. Nd4 Nxd4 13. Rae1 Nxc2 14.
Rxe7+ Bxe7 15. Bxe7 Kxe7 16. c4 Qg5+ 17. Kf2 Rad8 18. Rc1 Rd2+ 19. Kf1 Qg2# 0-1

[Event "Challenge"]
[Site "http://www.queenalice.com/game.php?id=1026306"]
[Date "2012.2.5"]
[Round "-"]
[White "R0ni"]
[Black "sobralll"]
[Result "1-0"]
[WhiteElo "2529"]
[BlackElo "1342"]

1. e4 e5 2. f4 exf4 3. Nf3 Nf6 4. e5 Bc5 5. d4 Bb4+ 6. c3 Ba5 7. b4 Bb6 8. exf6
Qxf6 9. Qd2 d5 10. Qxf4 Qe6+ 11. Qe5 O-O 12. Qxe6 Bxe6 13. Bd3 Nd7 14. Ng5 Bg4
15. h3 Rfe8+ 16. Kf2 Re2+ 17. Bxe2 Bxe2 18. Kxe2 Re8+ 19. Kd2 Nf6 20. Re1 Ne4+
21. Nxe4 Rxe4 22. Rxe4 dxe4 23. g4 g5 24. Ke3 c5 25. bxc5 Ba5 26. Nd2 Bxc3 27.
Rb1 Bxd2+ 28. Bxd2 a5 29. Rxb7 h5 30. c6 hxg4 31. hxg4 f5 32. c7 1-0

[Event "Botando pra lascar."]
[Site "http://www.queenalice.com/game.php?id=1027142"]
[Date "2012.2.6"]
[Round "-"]
[White "jw16js"]
[Black "sobralll"]
[Result "1-0"]
[WhiteElo "1555"]
[BlackElo "1350"]

1. c4 e5 2. e4 Nf6 3. Nc3 Nc6 4. Nge2 Bc5 5. f3 h5 6. h4 a5 7. a3 O-O 8. Ng3 b6
9. Nf5 Nd4 10. Nxd4 exd4 11. Nb5 1-0

[Event "Let's Play 101"]
[Site "http://www.queenalice.com/game.php?id=1493774"]
[Date "2017.9.10"]
[Round "-"]
[White "digger"]
[Black "sobralll"]
[Result "1-0"]
[WhiteElo "1683"]
[BlackElo "1310"]

1. c4 c5 2. Qa4 e6 3. d3 g6 4. Nf3 b6 5. Ne5 f5 6. h4 Nf6 7. Bg5 Bd6 8. f4 h6 9.
Bxf6 Qxf6 10. Nc3 Bb7 11. Rh2 a6 12. g3 b5 13. cxb5 axb5 14. Qxb5 Ba6 15. Qb6
Qd8 16. Qxd6 Qe7 17. Qxe7+ Kxe7 18. Nxg6+ Ke8 19. Nxh8 Nc6 20. Ng6 Rb8 21. b3
1-0

[Event "Let's Play Chess!"]
[Site "http://www.queenalice.com/game.php?id=1493860"]
[Date "2017.9.10"]
[Round "-"]
[White "Scaracioli"]
[Black "sobralll"]
[Result "1-0"]
[WhiteElo "1738"]
[BlackElo "1315"]

1. e4 e5 2. Nf3 Bd6 3. d4 exd4 4. Nxd4 c5 5. Nf5 Nf6 6. Nc3 O-O 7. Bh6 gxh6 8.
Nxd6 Qe7 9. f3 b6 10. Nf5 Qe6 11. b3 Bb7 12. Bc4 d5 13. Bxd5 Qe5 14. Qd3 Ba6 15.
Qd2 Nbd7 16. g3 Rfe8 17. Nxh6+ Kg7 18. Nf5+ Kf8 19. Qh6+ Kg8 20. Qg7# 1-0

[Event "Now"]
[Site "http://www.queenalice.com/game.php?id=1494047"]
[Date "2017.9.11"]
[Round "-"]
[White "sobralll"]
[Black "nuvemrato"]
[Result "1-0"]
[WhiteElo "1308"]
[BlackElo "986"]

1. e4 e5 2. b3 Bc5 3. Bc4 Nf6 4. d3 O-O 5. Nf3 d6 6. h4 Bg4 7. a4 Nc6 8. c3 Qd7
9. b4 Bb6 10. a5 Bxf2+ 11. Kxf2 Rae8 12. Ng5 1-0